Singapore facts and pictures 2002

Kaydedildi:
Detaylı Bibliyografya
Müşterek Yazar: Ministry of Information, Communications and the Arts
Materyal Türü: Kitap
Dil:Undetermined
Baskı/Yayın Bilgisi: Ministry of Information, Communications and the Arts
Etiketler: Etiketle
Etiket eklenmemiş, İlk siz ekleyin!
Thư viện lưu trữ: Trung tâm Học liệu Trường Đại học Cần Thơ
LEADER 00532nam a2200157Ia 4500
001 CTU_111093
008 210402s9999 xx 000 0 und d
020 |c 151000 
082 |a 915.957 
082 |b S617 
110 |a Ministry of Information, Communications and the Arts 
245 0 |a Singapore facts and pictures 2002 
245 0 |c Ministry of Information, Communications and the Arts 
260 |b Ministry of Information, Communications and the Arts 
904 |i Giang 
980 |a Trung tâm Học liệu Trường Đại học Cần Thơ